A Comprehensive and Exhaustive Commentary on The Limitation Act, (IX OF1908) / (Record no. 587092)
[ view plain ]
| 000 -LEADER | |
|---|---|
| fixed length control field | 00448nam a22001457a 4500 |
| 082 ## - DEWEY DECIMAL CLASSIFICATION NUMBER | |
| Classification number | 347.5491052 MAH |
| 100 ## - MAIN ENTRY--PERSONAL NAME | |
| Personal name | Mahmood, M. |
| 245 ## - TITLE STATEMENT | |
| Title | A Comprehensive and Exhaustive Commentary on The Limitation Act, (IX OF1908) / |
| Statement of responsibility, etc. | M. Mahmood |
| 250 ## - EDITION STATEMENT | |
| Edition statement | 15th Edition. |
| 260 ## - PUBLICATION, DISTRIBUTION, ETC. | |
| Place of publication, distribution, etc. | Lahore : |
| Name of publisher, distributor, etc. | Al-Qanoon Publishers, |
| Date of publication, distribution, etc. | 2021. |
| 300 ## - PHYSICAL DESCRIPTION | |
| Extent | 1231 p. ; |
| Dimensions | 24 cm. |
| 942 ## - ADDED ENTRY ELEMENTS (KOHA) | |
| Source of classification or shelving scheme | |
| Koha item type | Book |
| Withdrawn status | Lost status | Source of classification or shelving scheme | Damaged status | Not for loan | Permanent Location | Current Location | Shelving location | Date acquired | Source of acquisition | Full call number | Barcode | Date last seen | Price effective from | Koha item type | Total Checkouts | Date last checked out |
|---|---|---|---|---|---|---|---|---|---|---|---|---|---|---|---|---|
| NUST Law School (NLS) | NUST Law School (NLS) | Law | 12/06/2021 | Pakistan Law House | 347.5491052 MAH | CL-886 | 12/06/2021 | 12/06/2021 | Book | |||||||
| NUST Law School (NLS) | NUST Law School (NLS) | Law | 11/19/2022 | Pakistan law House | 347.5491052 MAH | CL-1302 | 02/28/2023 | 11/19/2022 | Book | 1 | 02/26/2023 | |||||
| NUST Law School (NLS) | NUST Law School (NLS) | Law | 11/19/2022 | Pakistan law House | 347.5491052 MAH | CL-1303 | 11/19/2022 | 11/19/2022 | Book |
